000 00966cab a2200373 4500
001 ABS55671
008 090401t1996 xxu||||| |||| 00| 0 eng d
035 _a(Sirsi) u17920
041 _aeng
245 _aEast Anglia
260 _c1996
350 _a0
490 _aProperty Week
_v56(7) 16 August 1996, 35-38(6)
650 _aAGRICULTURE
650 _aBURY ST EDMUNDS
650 _aCAMBRIDGE
650 _aCAMBRIDGESHIRE
650 _aEAST ANGLIA
650 _aFARM RENTS
650 _aFARMLAND PRICES
650 _aGREAT YARMOUTH
650 _aINDUSTRIAL MARKET
650 _aINFRASTRUCTURE ISSUES
650 _aIPSWICH
650 _aKINGS LYNN
650 _aLOWESTOFT
650 _aNORFOLK
650 _aNORWICH
650 _aPROPERTY-COMMERCIAL PROPERTY-OFFICE PROPERTY-OFFICE PROPERTY MARKET
650 _aSUFFOLK
690 _aPROPERTY-COMMERCIAL PROPERTY-COMMERCIAL PROPERTY MARKET
942 _n0
948 _c04/03/1997
999 _c11885
_d11885